| 000 | 00626nam a22001337a 4500 | ||
|---|---|---|---|
| 040 | _cRUA | ||
| 082 | _aAGR MUY 2017 B646 Or.1 | ||
| 100 | _aMUY KUNTHEA មុយ គន្ធា | ||
| 245 | _aCOMPARISON OF MAIZE ( ZEA MAYS L.) VARIETIES IN DRY SEASON CONDITION ON SANDY LOAM SOIL ការប្រៀធៀបពូជពោតក្រោមលក្ខណ្ឌរដូវប្រាំងលើដីល្បាយខ្សាច់ | ||
| 260 |
_aRUA _bphnom penh _c2017 |
||
| 300 |
_axii;74p _bill; _c29cm |
||
| 856 | _uhttps://drive.google.com/file/d/1VnhbX_0uJGxUrYJtPnhVQTAedD1QxKkY/view?usp=sharing | ||
| 942 | _cAGR | ||
| 999 |
_c18197 _d18197 |
||